| 000 | 00599cam a2200217 4500500 | ||
|---|---|---|---|
| 005 | 20260329003448.0 | ||
| 041 | _afre | ||
| 042 | _adc | ||
| 100 | 1 | 0 |
_aDuru, Martin _eauthor |
| 245 | 0 | 0 | _aAyn Rand, une vie |
| 260 | _c2015. | ||
| 500 | _a86 | ||
| 690 | _aAyn Rand | ||
| 690 | _aÉgoïsme | ||
| 690 | _aÉtats-Unis | ||
| 690 | _aHollywood | ||
| 690 | _aObjectivisme | ||
| 690 | _aURSS | ||
| 786 | 0 | _nPhilosophie magazine | 94 | 11 | 2015-11-01 | p. 42-42 | 1951-1787 | |
| 856 | 4 | 1 | _uhttps://shs.cairn.info/magazine-philosophie-magazine-2015-11-page-42?lang=fr&redirect-ssocas=7080 |
| 999 |
_c1824807 _d1824807 |
||